Pavučinový model so zásobami

Previerka stability pavučinového modelu charakterizujúceho cenu tovaru, ktorý nepodlieha skaze a producenti ho môžu neobmedzene skladovať.

Salvato in:
Dettagli Bibliografici
Autore principale: Szomolányi, Karol, 1976-
Natura: Capitolo di libro
Lingua:slovacco
Soggetti:
Tags: Aggiungi Tag
Nessun Tag, puoi essere il primo ad aggiungerne!!

MARC

LEADER 00000nla a2200000 4500
001 0237975
005 20240502073841.3
041 0 |a slo 
044 |a SK 
245 1 0 |a Pavučinový model so zásobami  |c Karol Szomolányi 
520 |a Previerka stability pavučinového modelu charakterizujúceho cenu tovaru, ktorý nepodlieha skaze a producenti ho môžu neobmedzene skladovať. 
610 2 0 |a modely ekonometrické 
610 2 0 |a tovar 
610 2 0 |a zásoby 
610 2 0 |a ceny 
100 1 |a Szomolányi, Karol, 1976-